La reforma tributaria pendiente en Costa Rica: consideraciones para el diseño del sistema tributario /
Desde 1990 se ha intensificado la discusión acerca de la necesidad de reformas tributarias de diversa índole en Costa Rica. Según el autor, a través del tiempo se han esgrimido los más diversos argumentos para justificar las reformas, obedeciendo en la mayoría de los casos a problemas coyunturales y...
שמור ב:
| מחבר ראשי: | |
|---|---|
| פורמט: | Texto |
| נושאים: | |
| תגים: |
הוספת תג
אין תגיות, היה/י הראשונ/ה לתייג את הרשומה!
|
MARC
| LEADER | 00000 a a2200000 04500 | ||
|---|---|---|---|
| 001 | 42247 | ||
| 003 | |||
| 040 | |||
| 100 | |a Loría, Luis | ||
| 245 | |a La reforma tributaria pendiente en Costa Rica: |b consideraciones para el diseño del sistema tributario / |c Luis Loría | ||
| 520 | |a Desde 1990 se ha intensificado la discusión acerca de la necesidad de reformas tributarias de diversa índole en Costa Rica. Según el autor, a través del tiempo se han esgrimido los más diversos argumentos para justificar las reformas, obedeciendo en la mayoría de los casos a problemas coyunturales y a prioridades de corto plazo del gobierno de turno. El propósito del artículo es identificar y analizar algunas de las principales ineficiencias e injusticias y discutir posibles alternativas para solucionarlos. | ||
| 590 | |a RRH/DICIEMBRE2011 | ||
| 650 | |a 1.SISTEMAS TRIBUTARIOS | ||
| 650 | |a 2.REFORMA TRIBUTARIA | ||
| 650 | |a 3.ECONOMIA | ||
| 650 | |a 4.OPINION PUBLICA | ||
| 650 | |a 5.ESTADO | ||
| 650 | |a 6.COSTA RICA | ||
| 773 | |g volumen27, número1 ( , 2009), páginas 97-129 : tablas, gráficos | ||
| 999 | |c 32332 |d 32332 | ||
